Business coaching and mentoring for dummies / (Record no. 197212)
[ view plain ]
| 000 -LEADER | |
|---|---|
| fixed length control field | 01905nam a2200253Ia 4500 |
| 005 - DATE AND TIME OF LATEST TRANSACTION | |
| control field | 20260213142548.0 |
| 008 - FIXED-LENGTH DATA ELEMENTS--GENERAL INFORMATION | |
| fixed length control field | 210716s2018 xx 000 0 und d |
| 020 ## - INTERNATIONAL STANDARD BOOK NUMBER | |
| International Standard Book Number | 9788126570843 |
| 040 ## - CATALOGING SOURCE | |
| Transcribing agency | AIMIT LIBRARY |
| 041 ## - LANGUAGE CODE | |
| Language code of text/sound track or separate title | eng |
| 082 ## - DEWEY DECIMAL CLASSIFICATION NUMBER | |
| Classification number | 658.3124 |
| Item number | TAYM |
| 100 ## - MAIN ENTRY--PERSONAL NAME | |
| Personal name | Taylor, Marie. |
| 9 (RLIN) | 252832 |
| 245 ## - TITLE STATEMENT | |
| Title | Business coaching and mentoring for dummies / |
| Statement of responsibility, etc. | By Marie Taylor and Steve Crabb. |
| 250 ## - EDITION STATEMENT | |
| Edition statement | 2nd Ed. |
| 260 ## - PUBLICATION, DISTRIBUTION, ETC. | |
| Place of publication, distribution, etc. | New Delhi : |
| Name of publisher, distributor, etc. | Wiley India Pvt Ltd , |
| Date of publication, distribution, etc. | 2018. |
| 300 ## - PHYSICAL DESCRIPTION | |
| Extent | xv,403p. ; |
| Other physical details | PB |
| Dimensions | 23.5 cm |
| 500 ## - GENERAL NOTE | |
| General note | Business Coaching & Mentoring For Dummies provides business owners and managers with the insight they need to successfully develop the next generation of leaders. Packed with business-led strategies, key concepts, and effective techniques, this book equips you with the skills to transform both yourself and your team. Whether you're coaching colleagues, employees, or offering your skills as a service, these techniques will help you build a productive relationship that leads to business success. The companion website also features eight bonus videos that will further your mastery by showing you what great coaching looks like in action. Navigate tricky situations and emotional minefields with ease; develop vision, values, and a mission; create a long-term plan—everything you need is here, with expert guidance every step of the way. |
| 505 ## - FORMATTED CONTENTS NOTE | |
| Statement of responsibility | About the Author<br/>Marie Taylor had over 25 years’ experience in HR and Organizational Development. Her consultancy business focuses on success and transformational coaching and Organizational Development. Working with senior professionals<br/><br/> |
| 650 ## - SUBJECT ADDED ENTRY--TOPICAL TERM | |
| Topical term or geographic name entry element | Developing the business leader's mind-set |
| 9 (RLIN) | 252833 |
| 650 ## - SUBJECT ADDED ENTRY--TOPICAL TERM | |
| Topical term or geographic name entry element | Coaching and mentoring to get a business on the right track |
| 9 (RLIN) | 254637 |
| 650 ## - SUBJECT ADDED ENTRY--TOPICAL TERM | |
| Topical term or geographic name entry element | The part of tens |
| 9 (RLIN) | 254638 |
| 700 ## - ADDED ENTRY--PERSONAL NAME | |
| Personal name | Crabb, Steve. |
| 9 (RLIN) | 252834 |
| 942 ## - ADDED ENTRY ELEMENTS (KOHA) | |
| Source of classification or shelving scheme | Dewey Decimal Classification |
| Koha item type | Book |
| Edition | 2nd ed. |
| Call number prefix | 658.3124 TAYM |
| Withdrawn status | Lost status | Source of classification or shelving scheme | Damaged status | Not for loan | Collection code | Home library | Current library | Shelving location | Date acquired | Source of acquisition | Cost, normal purchase price | Inventory number | Total Checkouts | Full call number | Barcode | Date last seen | Cost, replacement price | Price effective from | Koha item type |
|---|---|---|---|---|---|---|---|---|---|---|---|---|---|---|---|---|---|---|---|
| Dewey Decimal Classification | MCA | St Aloysius Institute of Management & Information Technology | St Aloysius Institute of Management & Information Technology | Training & Development | 03/17/2020 | Knowledge World | 599.00 | Bill no:929; Bill dt:2020-03-16 | 658.3124 TAYM | MCA16727 | 07/21/2025 | 449.25 | 07/16/2021 | Book | |||||
| Dewey Decimal Classification | MBA | St Aloysius Institute of Management & Information Technology | St Aloysius Institute of Management & Information Technology | Training & Development | 02/27/2019 | Knowledge World | 599.00 | Bill no:613; Bill dt:2019-02-25 | 658.3124 TAYM | MBA13405 | 05/23/2026 | 449.25 | 07/16/2021 | Book | |||||
| Dewey Decimal Classification | MBA | St Aloysius Institute of Management & Information Technology | St Aloysius Institute of Management & Information Technology | Training & Development | 02/12/2026 | SK Publishers & Distributors | 639.00 | Bill no:4043; Bill dt:2020-02-02 | 658.3124 TAYM | MBA15231 | 05/23/2026 | 479.25 | 02/12/2026 | Book |